<?xml version="1.0" encoding="UTF-8"?>
<marc:record xmlns:marc="http://www.loc.gov/MARC21/slim">
   <marc:leader>00000nam a2200000 a 4500</marc:leader>
   <marc:datafield ind1="1" ind2=" " tag="100">
      <marc:subfield code="a">Harvell, Richard</marc:subfield>
      <marc:subfield code="4">aut</marc:subfield>
      <marc:subfield code="e">Verfasser/-in</marc:subfield>
   </marc:datafield>
   <marc:datafield ind1=" " ind2=" " tag="653">
      <marc:subfield code="a">Historischer Roman</marc:subfield>
   </marc:datafield>
   <marc:datafield ind1=" " ind2=" " tag="653">
      <marc:subfield code="a">Schweiz</marc:subfield>
   </marc:datafield>
   <marc:datafield ind1="0" ind2="0" tag="245">
      <marc:subfield code="a">Der Kastrat</marc:subfield>
   </marc:datafield>
   <marc:datafield ind1="0" ind2="0" tag="245">
      <marc:subfield code="b">Roman</marc:subfield>
   </marc:datafield>
   <marc:datafield ind1="0" ind2="0" tag="245">
      <marc:subfield code="c">Harvell, Richard</marc:subfield>
   </marc:datafield>
   <marc:datafield ind1=" " ind2="1" tag="264">
      <marc:subfield code="c">2011</marc:subfield>
   </marc:datafield>
   <marc:datafield ind1="1" ind2=" " tag="490">
      <marc:subfield code="a">DuMont-Taschenbücher</marc:subfield>
   </marc:datafield>
   <marc:datafield ind1=" " ind2=" " tag="250">
      <marc:subfield code="a">Dt. Erstausg.</marc:subfield>
   </marc:datafield>
   <marc:datafield ind1="1" ind2=" " tag="520">
      <marc:subfield code="a">Hoch in den Alpen erblickt Moses Froben am Anfang des 18. Jahrhunderts als uneheliches Kind das Licht der Welt. Der Dorfpfarrer muss fürchten, als Vater entlarvt zu werden, und stößt den Jungen in einen Sturzbach. Moses wird gerettet und kommt in die Abtei St. Gallen, wo er zum Meistersänger des Chores heranreift. Dann geschieht das Ungeheuerliche: Man kastriert ihn, damit seine Engelsstimme erhalten bleibt. Und Moses feiert Erfolge auf Europas Bühnen. Aber ein Geheimnis bleibt: Wie kam der weltbekannte Kastrat zu einem Sohn? Der Kastrat ist die hinreißende Lebensbeichte eines Entführers und unwahrscheinlichen Liebhabers, eines Mannes mit der Stimme eines Engels, dessen Gehör zum tragischen Fluch wie auch zum größten Segen seines Lebens wurde.</marc:subfield>
   </marc:datafield>
   <marc:datafield ind1=" " ind2=" " tag="020">
      <marc:subfield code="a">9783832161552</marc:subfield>
      <marc:subfield code="9">9783832161552</marc:subfield>
   </marc:datafield>
   <marc:datafield ind1=" " ind2=" " tag="020">
      <marc:subfield code="a">3832161554</marc:subfield>
      <marc:subfield code="9">3832161554</marc:subfield>
   </marc:datafield>
   <marc:datafield ind1=" " ind2=" " tag="041">
      <marc:subfield code="a">ger</marc:subfield>
   </marc:datafield>
   <marc:datafield ind1=" " ind2=" " tag="338">
      <marc:subfield code="a">Band</marc:subfield>
   </marc:datafield>
   <marc:datafield ind1=" " ind2=" " tag="300">
      <marc:subfield code="a">478 S.</marc:subfield>
   </marc:datafield>
</marc:record>
